Refranes y dichos #2 - Estadísticas

Estadísticas generales
  • Esta prueba ha sido intentada 684 veces
  • La puntuación promedio es 14 de 20
Estadísticas de respuestas
Hint Respuesta % Correcto
lo barato sale... caro
98%
hoy por ti, ... mañana por mí
97%
no hay mal que... por bien no venga
95%
se dice el pecado pero no... el pecador
93%
el que busca... encuentra
88%
quién tiene boca... se equivoca
87%
zapatero a sus... zapatos
85%
Dios los cría y... ellos se juntan
84%
más vale maña que... fuerza
84%
sarna con gusto... no pica
73%
en casa del herrero... cuchillo de palo
72%
mucho ruido y... pocas nueces
72%
quién mucho abarca... poco aprieta
67%
hombre precavido... vale por dos
65%
Dios aprieta pero no... ahorca
62%
el hábito no hace al... monje
61%
¿dónde va Vicente? donde va la gente
53%
a otro perro con ese... hueso
48%
crea fama y... acuéstate a dormir
27%
amor con hambre... no dura
20%
No se encontraron pruebas coincidentes
Distribución de puntuación
Porcentaje de gente con cada puntuación
Porcentaje por número respondido
Historial de tus puntuaciones
No has intentado esta prueba.